000 01248nam a2200277 a 4500
001 BRCA_2528
005 20190320203843.0
008 251108s1863----sp-a---###---#000-0#spa-u
041 _aspa
044 _asp
084 _a152
_b.G673
_c1863
100 1 _aCervantes Saavedra, Miguel de
_d1547-1616
_9213
245 1 0 _aEl Ingenioso Hidalgo Don Quijote de la Mancha
_ccompuesto por Miguel de Cervantes Saavedra.
260 _aBarcelona
_bTomás Gorchs
_c1863
300 _a2 v.
_bil.
_c45 cm.
500 _aContenido : v 1. Primera parte. Retrato de Cervantes. Dedicatoria del autor. Prólogo del autor. Versos preliminares. Texto. -- v 2. Segunda parte. Dedicatoria del autor. Prólogo del autor. Variantes. Texto
500 _aReimpresión de la edición de 1859 del mismo editor. Magnífico ejemplar. Semipergamino; lomeras decoradas cona dornos y filetes dorados Lúdovik Osterc
500 _aQM139
650 1 4 _aNovela española
_yÉpoca clásica, 1500-1700
_9215
650 1 4 _aLiteratura española
_yÉpoca clásica, 1500-1700
_9216
650 1 4 _aNovela española
_ySiglo XVII
_9217
650 1 4 _aDon Quijote (Personaje ficticio)
_eNovela
_9218
740 0 _aEl Ingenioso Hidalgo Don Quijote de la Mancha
902 _aQFM
942 _2lcc
_cB
999 _c2269
_d2269